Score 0/22 Timer 07:00
2 Plays Today
% Correct
The Shining
96.7%
The Ring
89.8%
The Exorcist
84.7%
The Omen (2006)
70.5%
It (2017)
62.9%
World War Z
62.9%
Halloween
57.9%
Children of the Corn
57.2%
The Grudge
55.3%
Orphan
48.7%
Firestarter
46.7%
% Correct
Aliens
44.1%
The Others
37.2%
Pet Sematary (1989)
33.7%
Village of the Damned
31.7%
Let the Right One In
30%
Dark Water
17.9%
The Bad Seed
15.9%
Insidious
13.1%
The Devil's Backbone
8.9%
Don't Be Afraid of the Dark
7.1%
The Possession
2.8%

You're not logged in!

Compare scores with friends on all Sporcle quizzes.
OR
Log In

Sporcle TV

Today on Sporcle TV


Watch our educational content, quiz creation guides, and fun videos on Sporcle TV.

Show Comments

Extras

Top Quizzes Today


Score Distribution

Paid Content

Your Account Isn't Verified!

In order to create a playlist on Sporcle, you need to verify the email address you used during registration. Go to your Sporcle Settings to finish the process.

Report this User

Report this user for behavior that violates our Community Guidelines.

Details: